| Tag |
First Indicator |
Second Indicator |
Subfields |
| LEADER |
00000cam a2200000Ia 4500 |
| 001 |
in00002786762 |
| 005 |
20151202171639.0 |
| 008 |
120524s2012 caua 000 0 eng d |
| 020 |
|
|
|a 9780979956294 (hc.)
|
| 020 |
|
|
|a 0979956293 (hc.)
|
| 035 |
|
|
|a (OCoLC)ocn794365454
|
| 040 |
|
|
|a BTCTA
|c BTCTA
|d BDX
|d YDX
|d INO
|d OCP
|d BWX
|d GZM
|d UtOrBLW
|
| 049 |
|
|
|a TXAM
|
| 082 |
0 |
|
|a 709.04 C157Zc2 2012
|
| 090 |
|
|
|a TR655
|b .C355 2012
|
| 100 |
1 |
|
|a Calle, Sophie.
|
| 245 |
1 |
4 |
|a The address book /
|c Sophie Calle ; [translation, Pauline Baggio].
|
| 250 |
|
|
|a 1st ed.
|
| 264 |
|
1 |
|a Los Angeles :
|b Siglio,
|c 2012.
|
| 300 |
|
|
|a 1 volume (unpaged :
|b illustrations (some color) ;
|c 19 cm.
|
| 336 |
|
|
|a text
|b txt
|2 rdacontent
|
| 337 |
|
|
|a unmediated
|b n
|2 rdamedia
|
| 338 |
|
|
|a volume
|b nc
|2 rdacarrier
|
| 500 |
|
|
|a "Originally published in Liberation August 2-September 4, 1983"--Preliminary paging.
|
| 600 |
1 |
0 |
|a Calle, Sophie.
|
| 650 |
|
0 |
|a Photography, Artistic.
|
| 650 |
|
0 |
|a Address books.
|
| 650 |
|
0 |
|a French
|v Personal narratives.
|
| 945 |
|
|
|a PromptCat
|b 115751
|
| 946 |
|
|
|a stk
|
| 947 |
|
|
|a A14836011222
|
| 948 |
|
|
|a cataloged
|b h
|c 2012/12/10
|d c
|e dmitchel
|f 4:44:44 pm
|
| 994 |
|
|
|a 92
|b TXA
|
| 999 |
|
|
|a MARS
|
| 999 |
f |
f |
|s a2137d4d-273d-344b-b866-8bf6d3dabee6
|i ee48bf24-d9ac-3d68-a314-f253af924897
|t 0
|
| 952 |
f |
f |
|p normal
|a Texas A&M University
|b College Station
|c Sterling C. Evans Library
|s Evans stk
|d Evans: Library Stacks
|t 0
|e TR655 .C355 2012
|h Library of Congress classification
|i unmediated -- volume
|m A14836011222
|
| 998 |
f |
f |
|a TR655 .C355 2012
|t 0
|l Evans: Library Stacks
|